000 00899nam a2200229Ii 4500
003 JO-AjNU
008 230605s9999||||xx |||||||||||||| ||und||
017 _a2003/3/555
020 _a9957-11-380-1
040 _aJO-AjNU
_bara
_erda
_cJO-AjNU
041 _aara
050 1 4 _aK923.H3922.2003
100 3 _a الحياري، احمد ابراهيم ,
_eauthor
_946919
245 0 0 _aالمسؤولية التقصيرية عن فعل الغير " دراسة تحليلية انتقادية تاريخية موازنة بالقانون المدني الأردني والقانون المدني الفرنسي "
250 _aط1
264 3 1 _aعمان : دار وائل ، 2003
300 _a469ص
336 _atext
_btxt
_2rdacontent
337 _aunmediated
_bn
_2rdamedia
338 _avolume
_bnc
_2rdacarrier
650 4 _aالقانون المدني -- الاردن -- فرنسا
_946920
999 _aA20446
_c24014
_d24014